| 000 | 00874nam a2200229 a 4500 | ||
|---|---|---|---|
| 999 |
_c10996 _d10996 |
||
| 001 | 10996 | ||
| 003 | BD-JhCC | ||
| 005 | 20190717130856.0 | ||
| 008 | 190617s2012 ii |||| |||| 000 0 ben d | ||
| 020 | _a8124706972 | ||
| 035 | _a(BD-JhCC)10996 | ||
| 040 |
_aBD-JhCC _dBD-JhCC |
||
| 041 | _aben | ||
| 082 |
_a025.00285 _bHAT 2012 |
||
| 100 | _aহাটুয়া, সুদীপ রঞ্জন | ||
| 245 |
_aগ্রন্থাগারে কম্পিউটারের প্রয়োগ / _cসুদীপ রঞ্জন হাটুয়া, |
||
| 260 |
_aকলিকাতা : _bপশ্চিমবঙ্গ রাজ্য পুস্তক পর্ষৎ, _c২০১২. |
||
| 300 |
_a২২৬ পৃ. : _c২১ সেমি. |
||
| 650 | _aMultimedia library services | ||
| 650 |
_aLibraries _vInformation technology |
||
| 942 |
_2ddc _cBK |
||